Estadísticas para Click para traducir - Gallego

Haz click aquí para intentar la prueba.

Estadísticas generales

  • Esta prueba ha sido intentada 191 veces
  • La puntuación promedio es 12 de 20

Estadísticas de respuestas

HintRespuesta% Correcto
PerroCan
87%
CieloCeo
84%
HuesoÓso
83%
HumoFume
81%
RojoVermello
79%
PasilloCorredor
78%
JuevesXoves
78%
CucharaCuller
67%
FuegoLume
63%
DelfínGolfiño
62%
CortezaCodia
60%
TizaXiz
60%
RelámpagoLóstrego
58%
EscobaVasoira
49%
TenedorGarfo
47%
RodillaXeonllo
46%
SarténTixola
44%
FresaAmorodo
43%
TobilloNocello
36%
CorderoAño
33%

Distribución de puntuación

Porcentaje por número respondido

Porcentaje de gente con cada puntuación

Historial de tus puntuaciones

No has intentado esta prueba.